| 000 | 00520nam a2200229Ia 4500 | ||
|---|---|---|---|
| 003 | OSt | ||
| 005 | 20230426113056.0 | ||
| 008 | 210423s2012 xx 000 0 und d | ||
| 020 | _a9789350712139 | ||
| 040 | _cAL | ||
| 041 | _aeng | ||
| 082 |
_a346.07 TAXB _223 |
||
| 100 |
_aTAXMANNS _993220 |
||
| 245 | _aBusiness laws | ||
| 260 |
_aNew Delhi _c2012 |
||
| 300 |
_a781 _bPB |
||
| 365 |
_b425 _cINR |
||
| 650 |
_aCommercial Law _993221 |
||
| 650 |
_aLaw _993222 |
||
| 906 | _aBusiness ; laws | ||
| 942 |
_2ddc _cBK |
||
| 999 |
_c161693 _d161693 |
||